MARC

LEADER 00000nam0a2200000 4500
001 93344
005 20231031105139.0
010 |a 5229007338 
035 |a (RuTPU)RU\TPU\book\99954 
090 |a 93344 
100 |a 20060328d1991 m y0rusy50 ca 
101 0 |a rus 
102 |a RU 
105 |a y z 001zy 
200 1 |a Красные шламы - свойства, складирование, применение  |f В. И. Корнеев, А. Г. Сусс, А. И. Цеховой 
210 |a Москва  |c Металлургия  |d 1991 
215 |a 144 с. 
320 |a Библиогр.: с. 142-144. 
610 1 |a красные шламы 
610 1 |a шлам 
610 1 |a свойства 
610 1 |a складирование 
610 1 |a применение 
610 1 |a состав 
610 1 |a шламохранилища 
675 |a 669.712  |v 3 
700 1 |a Корнеев  |b В. И.  |g Валентин Исаакович 
701 1 |a Сусс  |b А. Г.  |g Александр Геннадьевич 
701 1 |a Цеховой  |b А. И.  |g Александр Исаакович 
801 1 |a RU  |b 63413507  |c 20060328  |g PSBO 
801 2 |a RU  |b 63413507  |c 20200826  |g PSBO 
942 |c BK